ベスト・マリッジ

Αποθηκεύτηκε σε:
Λεπτομέρειες βιβλιογραφικής εγγραφής
Κύριος συγγραφέας: Gray, John
Μορφή: Βιβλίο
Έκδοση: 三笠書房 1995
Ετικέτες: Προσθήκη ετικέτας
Δεν υπάρχουν, Καταχωρήστε ετικέτα πρώτοι!
Thư viện lưu trữ: Mạng thư viện Đại học Đà Nẵng
LEADER 00544nam a2200229 a 4500
001 000029122
003 15597
005 20171030145630.0
008 171030s1995
040 |a LTT 
082 0 |a 306.81  |b GR-J 
100 1 |a Gray, John 
245 0 0 |a ベスト・マリッジ  |c John Gray ; 大島 渚 訳. 
260 |b 三笠書房  |c 1995 
500 |a SAIKA 
OWN |a LTT 
999 |a From the UDN01 
TYP |a Monograph 
TYP |a Printed language 
980 |a Mạng thư viện Đại học Đà Nẵng